Functions, statistics, and trigonometry / (Record no. 13187)

MARC details
000 -LEADER
fixed length control field 01365nam a22003497i 4500
003 - CONTROL NUMBER IDENTIFIER
control field EG-ScBUE
005 - DATE AND TIME OF LATEST TRANSACTION
control field 20250601093314.0
008 - FIXED-LENGTH DATA ELEMENTS--GENERAL INFORMATION
fixed length control field 100124t1998 ilua f 001 0 eng d
020 ## - INTERNATIONAL STANDARD BOOK NUMBER
International Standard Book Number 0673459276
020 ## - INTERNATIONAL STANDARD BOOK NUMBER
International Standard Book Number 9780673459275
040 ## - CATALOGING SOURCE
Original cataloging agency EG-ScBUE
Language of cataloging eng
Description conventions rda
Transcribing agency EG-ScBUE
Modifying agency EG-ScBUE
082 04 - DEWEY DECIMAL CLASSIFICATION NUMBER
Edition number 22
Classification number 516.24
Item number FUN
245 00 - TITLE STATEMENT
Title Functions, statistics, and trigonometry /
Statement of responsibility, etc Sharon L. Senk [and twelve others], University of Chicago. School Mathematics Project.
250 ## - EDITION STATEMENT
Edition statement Second edition.
250 ## - EDITION STATEMENT
Edition statement Teacher's edition.
264 #1 - PUBLICATION, DISTRIBUTION, ETC. (IMPRINT)
Place of publication, distribution, etc Glenview, Illinois :
Name of publisher, distributor, etc Scott Foresman Addison Wesley,
Date of publication, distribution, etc [1998]
264 #4 - PUBLICATION, DISTRIBUTION, ETC. (IMPRINT)
Date of publication, distribution, etc c1998
300 ## - PHYSICAL DESCRIPTION
Extent 1 volume (various pagings) :
Other physical details illustrations (some color) ;
Dimensions 29 cm
336 ## - CONTENT TYPE
Source rdacontent
Content type term text
Content type code txt
337 ## - MEDIA TYPE
Media type term unmediated
Source rdamedia
Media type code n
338 ## - CARRIER TYPE
Carrier type term volume
Carrier type code nc
Source rdacarrier
500 ## - GENERAL NOTE
General note "The University of Chicago School Mathematics Project, secondary component."
500 ## - GENERAL NOTE
General note Includes index.
500 ## - GENERAL NOTE
General note Includes Appendices.<br/>
505 ## - FORMATTED CONTENTS NOTE
Formatted contents note Part 1 -- Chapters 1-6.
650 #7 - SUBJECT ADDED ENTRY--TOPICAL TERM
9 (RLIN) 10577
Topical term or geographic name as entry element Trigonometry
General subdivision Study and teaching (Secondary)
Source of heading or term BUEsh
650 #7 - SUBJECT ADDED ENTRY--TOPICAL TERM
9 (RLIN) 10579
Topical term or geographic name as entry element Mathematics
General subdivision Study and teaching (Secondary)
Source of heading or term BUEsh
655 ## - INDEX TERM--GENRE/FORM
Form subdivision Reading book
700 1# - ADDED ENTRY--PERSONAL NAME
9 (RLIN) 10583
Personal name Senk, Sharon Louise
Dates associated with a name 1943-
Relator term author.
710 2# - ADDED ENTRY--CORPORATE NAME
9 (RLIN) 10584
Corporate name or jurisdiction name as entry element University of Chicago.
Subordinate unit School Mathematics Project,
Relator term author.
942 ## - ADDED ENTRY ELEMENTS (KOHA)
Source of classification or shelving scheme Dewey Decimal Classification
Koha item type Book - Borrowing
Holdings
Withdrawn status Lost status Source of classification or shelving scheme Damaged status Not for loan Collection code Home library Current library Shelving location Date acquired Total Checkouts Full call number Barcode Date last seen Price effective from Koha item type
    Dewey Decimal Classification     Baccah Central Library Central Library First floor 24/01/2010   516.24 FUN 000019500 15/07/2025 24/01/2010 Book - Borrowing